[Event "Rochefort op 8th"]
[Site "Rochefort"]
[Date "2009.02.??"]
[Round "2"]
[White "Van Dooren, Dirk"]
[Black "De Lorenzi, Sebastien"]
[Result "1-0"]
[WhiteElo "2331"]
[BlackElo "1961"]
[PlyCount "45"]
[EventDate "2009.02.??"]
[EventType "swiss"]
[EventRounds "9"]
[EventCountry "FRA"]
[SourceTitle "EXT 2010"]
[Source "ChessBase"]
[SourceDate "2010.11.25"]
[SourceVersion "1"]
[SourceVersionDate "2010.11.25"]
[SourceQuality "1"]

1. f4 d5 2. Nf3 Nf6 3. g3 Bg4 4. Bg2 e6 5. 0-0 c6 6. d3 Nbd7 7. Nc3 Bb4 8. Kh1 Qb6 9. Bd2 Qc7 10. Nb5 Qb6 11. Bxb4 Qxb5 12. Bc3 0-0 13. a4 Qb6 14. a5 Qc7 15. Nh4 Rfe8 16. h3 Bh5 17. Qe1 e5 18. fxe5 Nxe5 19. Nf5 c5 20. g4 Bg6 21. Qh4 d4 22. Bd2 Ned7 23. Bf4 1-0

[Event "Rochefort op 5th"]
[Site "Rochefort"]
[Date "2006.02.15"]
[Round "7"]
[White "De Lorenzi, Sebastien"]
[Black "Remille, Tristan"]
[Result "0-1"]
[WhiteElo "1880"]
[BlackElo "2068"]
[PlyCount "70"]
[EventDate "2006.02.15"]
[EventType "swiss"]
[EventRounds "9"]
[EventCountry "FRA"]
[SourceTitle "EXT 2007"]
[Source "ChessBase"]
[SourceDate "2006.11.23"]
[SourceVersion "1"]
[SourceVersionDate "2006.11.23"]
[SourceQuality "1"]

1. d4 d6 2. Nf3 Bg4 3. e4 Nf6 4. Nc3 e6 5. h3 Bh5 6. Bg5 Be7 7. Be2 c6 8. Qd2 d5 9. e5 Nfd7 10. Bxe7 Qxe7 11. 0-0 a6 12. Nd1 0-0 13. c3 c5 14. Rc1 Nc6 15. Ne3 b5 16. Nc2 Nb6 17. b3 Rac8 18. dxc5 Qxc5 19. Ncd4 Bxf3 20. b4 Qe7 21. Nxc6 Rxc6 22. Bxf3 Rfc8 23. Rc2 Qc7 24. Rfc1 Qxe5 25. a3 Nc4 26. Qd4 Qf6 27. Qa7 g6 28. Qd4 Kg7 29. Ra2 Ne5 30. Be2 Nf3+ 31. Bxf3 Qxd4 32. cxd4 Rxc1+ 33. Kh2 R8c2 34. Rxc2 Rxc2 35. Kg3 Rc3 0-1

[Event "FRA-ch U12"]
[Site "Hyeres"]
[Date "2002.??.??"]
[Round "2.7"]
[White "De Lorenzi, Sebastien"]
[Black "Letourneur, Arthur"]
[Result "0-1"]
[WhiteElo "1610"]
[BlackElo "1810"]
[PlyCount "132"]
[EventDate "2002.04.05"]
[EventType "swiss"]
[EventRounds "9"]
[EventCountry "FRA"]
[SourceTitle "EXT 2003"]
[Source "ChessBase"]
[SourceDate "2002.11.25"]
[SourceVersion "1"]
[SourceVersionDate "2002.11.25"]
[SourceQuality "1"]

1. d4 Nf6 2. Nf3 g6 3. c4 Bg7 4. g3 0-0 5. Bg2 d6 6. Nc3 Nbd7 7. Rb1 c5 8. e3 cxd4 9. exd4 Nb6 10. b3 d5 11. c5 Nbd7 12. 0-0 a6 13. h3 e6 14. Ba3 Re8 15. Re1 Qc7 16. Bc1 b6 17. Bf4 Qc6 18. Na4 b5 19. Nc3 Bb7 20. b4 Qc8 21. Rc1 Bc6 22. Ne5 Nxe5 23. Bxe5 Qb7 24. Qf3 Qe7 25. Qe3 Qd8 26. Bxf6 Qxf6 27. Rcd1 Qe7 28. Nxd5 Qb7 29. Nf4 Bxg2 30. Nxg2 Qd5 31. Qb3 Qxb3 32. axb3 Rad8 33. d5 Bc3 34. Re4 f5 35. Rf4 exd5 36. Ne3 d4 37. Nc2 Re4 38. Rf3 Bb2 39. Rfd3 f4 40. f3 Re2 41. Nxd4 Bxd4+ 42. Rxd4 Rxd4 43. Rxd4 fxg3 44. Rd8+ Kf7 45. c6 Rc2 46. Rc8 Ke7 47. c7 Kd7 48. Rh8 Kxc7 49. Rxh7+ Kb6 50. Rh6 Rc6 51. Kg2 a5 52. bxa5+ Kxa5 53. Rh4 Rc3 54. b4+ Ka4 55. Kxg3 Rc4 56. Rxc4 bxc4 57. b5 Kxb5 58. Kg4 c3 59. f4 c2 60. h4 c1Q 61. Kg5 Qc6 62. f5 gxf5 63. Kxf5 Qh6 64. Kg4 Qg6+ 65. Kh3 Qh5 66. Kg3 Kc4 0-1